LEADER 00867nam0-22003251i-450- 001 990000443030403321 005 20001010 010 $a88-430-1873-6 035 $a000044303 035 $aFED01000044303 035 $a(Aleph)000044303FED01 035 $a000044303 100 $a20001010d--------km-y0itay50------ba 101 0 $aita 105 $ay-------001yy 200 1 $aCOSTRUIRE sul costruito$eTecnologie leggere nel recupero edilizio$fa cura di Marco Imperadori 205 $a1. ed. 210 $aRoma$cCarocci$d2001 215 $a202 p.$d24 cm 225 1 $aManuali del progettista$v84 610 0 $aRecupero Edilizio 676 $a720.28 702 1$aImperadori,$bMarco 801 0$aIT$bUNINA$gRICA$2UNIMARC 901 $aBK 912 $a990000443030403321 952 $a08 BB 557$b1222$fDINED 959 $aDINED 997 $aUNINA DB $aING01 LEADER 02809nas 2200721-a 450 001 9910144768303321 005 20200307065315.7 035 $a(OCoLC)1082798093 035 $a(CKB)991042733902290 035 $a(CONSER)cn2001701818 035 $a(EXLCZ)99991042733902290 100 $a20010417b20002004 -a- b 101 0 $afre 135 $aurcn||||||||| 181 $ctxt$2rdacontent/fre 182 $cc$2rdamedia/fre 200 12$aL'observateur économique régional 210 $a[Ottawa] $cIndustrie Canada$d[2000-2004] 300 $aArchivé par la Bibliothèque nationale du Canada. 311 08$aPrint version: L'observateur économique régional. 1497-1186 (DLC)cn 00704235 (OCoLC)45555679 531 0 $aObs. écon. rég. 606 $aEconomic indicators$zCanada$xProvinces$vPeriodicals 606 $aLabor market$zCanada$xProvinces$vStatistics$vPeriodicals 606 $aIndicateurs économiques$zCanada$xProvinces$vPériodiques 606 $aTravail$zCanada$xProvinces$vStatistiques$vPériodiques 606 $aEconomic history$2fast$3(OCoLC)fst00901974 606 $aEconomic indicators$xCanadian provinces$2fast$3(OCoLC)fst00901998 606 $aLabor market$xCanadian provinces$2fast$3(OCoLC)fst00990037 606 $aCondition économique$2rasuqam 606 $aÉconomie régionale$2rasuqam 606 $aIndicateur économique$2rasuqam 606 $aMarché du travail$2rasuqam 606 $aProvince$2rasuqam 607 $aCanada$xEconomic conditions$y1991-$vStatistics$vPeriodicals 607 $aCanada$xConditions économiques$y1991-$vStatistiques$vPériodiques 607 $aCanada$2fast 607 $aCanada$2rasuqam 608 $aPeriodicals.$2fast 608 $aStatistics.$2fast 608 $aÉtude comparée (Descripteur de forme)$2rasuqam 608 $aPériodique électronique (Descripteur de forme)$2rasuqam 608 $aRessource Internet (Descripteur de forme)$2rasuqam 615 0$aEconomic indicators$xProvinces 615 0$aLabor market$xProvinces 615 6$aIndicateurs économiques$xProvinces 615 6$aTravail$xProvinces 615 7$aEconomic history. 615 7$aEconomic indicators$xCanadian provinces. 615 7$aLabor market$xCanadian provinces. 615 17$aCondition économique. 615 7$aÉconomie régionale. 615 17$aIndicateur économique. 615 7$aMarché du travail. 615 7$aProvince. 676 $a330.971/0648/021 686 $acci1icc$2lacc 686 $acoll11$2lacc 686 $acoll14$2lacc 712 02$aCanada.$bIndustrie Canada.$bDirection générale de l'analyse de la politique micro-économique. 906 $aJOURNAL 912 $a9910144768303321 996 $aL'observateur économique régional$92018802 997 $aUNINA LEADER 00961nam a2200277 i 4500 001 991001008559707536 005 20020507105056.0 008 970307s1970 us ||| | eng 035 $ab10160826-39ule_inst 035 $aLE00640590$9ExL 040 $aDip.to Fisica$bita 084 $a621.3.2.5 084 $a621.381 084 $aTK7870 110 2 $aIntegrated circuit engineering Corporation$0462420 245 10$aIntegrated circuit engineering basic technology /$cICE Corporation 250 $a6th ed. 260 $aPhoenix :$bICE Corporation,$c1970 300 $a1 v. ;$c28 cm. 650 4$aMicroelectronics 907 $a.b10160826$b21-09-06$c27-06-02 912 $a991001008559707536 945 $aLE006 621.3.2 ICE$g1$i2006000053839$lle006$o-$pE0.00$q-$rl$s- $t0$u0$v0$w0$x0$y.i10195038$z27-06-02 996 $aIntegrated circuit engineering basic technology$9188566 997 $aUNISALENTO 998 $ale006$b01-01-97$cm$da $e-$feng$gus $h0$i1